000 00947nam a2200241 a 4500
001 000002615
005 20200929150225.0
008 090703s2007 dr abc 000 0 spa d
020 _a9789945140255
040 _aDO-SdBNP
_bspa
_cBNPHU
082 _a972.9372
_bN753a
100 1 _aNoboa Noboa, Máximo Alejandro,
_d1937-
_98239
245 1 0 _aAzua de Compostela :
_bdatos y gráficas de su historia /
_cMáximo Alejandro Noboa Noboa ; prólogo Cristian Ciccone.
260 _aSanto Domingo :
_bCorripio,
_c2007.
300 _a138 p. :
_bil., mapas, retrs. ;
_c24 cm.
500 _aIncluye datos biográficos del autor.
504 _aBibliografía : p. 137-138.
650 4 _aAzua (república dominicana)
_xHistoria local
_98240
650 4 _aAzua (república dominicana)
_xDescripción
_98241
650 4 _aCiudades y pueblos
_zRepública Dominicana
_9784
700 1 _aCiccone, Cristian,
_epról.
_98242
910 _aValidado. Control de calidad EMS.
999 _c2451
_d2451